000 00396nam a2200169Ia 4500
008 230516s9999 xx 000 0 und d
041 _aeng
082 _a616.07
_bNAG
100 _aNAGAL
245 _aTEXT BOOK OF PATHOLOGY
260 _bC.B.S. PUBLISHERS & DISTRUTORS
_c1998
300 _a934
365 _h20
500 _aPB
520 _aP & T
650 _aPHARMACOLOGY & TOXICOLOGY
999 _c363338
_d363338